Norwich City German Players - Statistics

General Stats
  • This quiz has been taken 9 times
  • The average score is 7 of 10
Answer Stats
Answer % Correct
Christoph Zimmermann
100%
Marco Stiepermann
80%
Philip Heise
80%
Ralf Fährmann
80%
Tom Trybull
80%
Dennis Srbeny
60%
Felix Passlack
60%
Lukas Rupp
60%
Moritz Leitner
60%
Marcel Franke
40%
No matching quizzes found
Score Distribution
Percent of People with Each Score
Percentile by Number Answered
Your Score History
You have not taken this quiz